000 00929nam a2200253 i 4500
001 50203
003 ES-MaACL
005 20251118145150.0
007 t|
008 030801q1917 sp ||||1| spa d
245 0 3 _aLa Entrevista de Guayaquil
_b: el Libertador y San Martín /
_cErnesto de la Cruz... [et al.] ; prólogo de Rufino Blanco Fombona.
260 _aMadrid :
_bAmérica,
_c[1917?]
300 _aXXVII, 283 p. ;
_c19 cm.
490 1 _aBiblioteca de la juventud Hispanoamericana
600 1 4 _aBolívar, Simón,
_d1783-1830
_929964
600 1 4 _aSan Martín, José de,
_d1778-1850
_9102261
650 _aEntrevista de Guayaquil, 1822.
_9173362
700 1 _aCruz, Ernesto de la.
_941789
700 1 _aBlanco Fombona, Rufino,
_d1874-1944
_929251
830 0 _aBiblioteca de la juventud Hispanoamericana
_9227270
852 _aES-MaACL
_jF-8439
852 _aES-MaACL
_jF-6648
999 _c50203
_d50203